English Premier League 2016-17 Season ABC Quiz - Statistics

General Stats
  • This quiz has been taken 536 times
  • The average score is 15 of 26
Answer Stats
Hint Answer % Correct
A Team from North London Arsenal
99%
E The blue half of the merseyside derby Everton
89%
J The Special One Jose Mourinho
75%
O The theatre of Dreams Old Trafford
74%
Q Burnely beat this team to gain promotion to this years premier league last season QPR
72%
F The Nickname of last years champions looking to defend the title The foxes
72%
Z Surname of young crystal palace winger Zaha
72%
M Called noisy neighbours aftet their recent success Manchester City
70%
B Which team hails from the northwest of England? Burnley
67%
C This teams mascot is live Bird! Crystal palace
67%
G Only 1 manager of all 20 teams is from this country Germany
65%
K Home of the champions King Power Stadium
61%
P He has managed teams that have won the BBVA and Bundesliga but is new to the permier league this season Pep Guardiola
59%
U The name of West Ham's previous ground Upton Park
59%
W Home of north londons team bearing white White Hart Lane
58%
S The nationality of Sunderlands manager Scotland
57%
I Surname of striker now playing in his 6th different European league Ibrahimovic
55%
L The only stadium to not be located in England Liberty Stadium
54%
N The manufacturers of Liverpools shirts New Balance
53%
V Jose Mourinho's predecessor Van Gaal
51%
H The ground in the west midlands which can seat 26,500 spectators The Hawthorns
45%
X New Central Signing from the bundesliga Xhaka
45%
Y The official shirt sponsor of a certain clue london team Yokohama
29%
T The Nickname of one of the 3 promoted sides from the championship Tigers
28%
R Has been featured in some way in every premier league season since its origin. Until this season Ryan Giggs
22%
D The manufacturers of Watfords Kits Dryworld
4%
No matching quizzes found
Score Distribution
Percent of People with Each Score
Percentile by Number Answered
Your Score History
You have not taken this quiz